Statystyki dla Team of the season so far, La Liga-FIFA 20

Kliknij tutaj aby rozwiązać quiz!

Ogólne statystyki

  • Ten quiz został rozwiązany 145 razy
  • Średni wynik to 12 z 23

Statystyki odpowiedzi

PozycjaZawodnik% Poprawnych
BRMarc Andre ter Stegen
98%
PSLionel Messi
93%
BRJan Oblak
86%
ŚNKarim Benzema
86%
ŚOSergio Ramos
85%
NLuis Suarez
75%
LSAntoine Griezmann
73%
ŚPToni Kroos
70%
PODani Carvajal
68%
ŚORaphael Varane
68%
ŚPFrenkie de Jong
60%
PSLucas Ocampos
37%
PPGerard Moreno
36%
ŚPParejo
36%
ŚPSanti Cazorla
36%
ŚODiego Carlos
31%
ŚPSaul
31%
ŚPMartin Odegaard
26%
ŚPONabil Fekir
26%
NLucas Perez
21%
LOReguilon
21%
LOYuri Berchiche
21%
NEzequiel Avila
6%

Rozkład punktacji

Percentyl według liczby udzielonych odpowiedzi

Procent ludzi z każdym wynikiem

Twoja historia wyników

Nie rozwiązałeś tego quizu